[Event "DEN-chT 0607"]
[Site "Denmark"]
[Date "2007.03.24"]
[Round "8.5"]
[White "Hellegaard, Carsten"]
[Black "Fries Nielsen, Niels Jorgen"]
[Result "1/2-1/2"]
[WhiteElo "2230"]
[BlackElo "2406"]
[PlyCount "30"]
[EventDate "2006.11.04"]
[EventType "team-tourn"]
[EventRounds "9"]
[EventCountry "DEN"]
[SourceTitle "EXT 2023"]
[Source "ChessBase"]
[SourceDate "2022.10.05"]
[SourceVersion "1"]
[SourceVersionDate "2022.10.05"]
[SourceQuality "1"]
[WhiteTeam "Aalborg"]
[BlackTeam "Helsinge"]
[WhiteTeamCountry "DEN"]
[BlackTeamCountry "DEN"]

1. d4 Nf6 2. c4 d6 3. Nc3 g6 4. e4 Bg7 5. f3 Nfd7 6. Be3 c5 7. Nge2 Nc6 8. Qd2 cxd4 9. Nxd4 Qa5 10. Be2 Nxd4 11. Bxd4 Bxd4 12. Qxd4 Qe5 13. Qd2 Nb6 14. b3 f5 15. 0-0 0-0 1/2-1/2

[Event "DEN-chT 0506"]
[Site "Denmark"]
[Date "2006.01.15"]
[Round "5.5"]
[White "Hellegaard, Carsten"]
[Black "Pedersen, Karl"]
[Result "0-1"]
[WhiteElo "2250"]
[BlackElo "2244"]
[PlyCount "46"]
[EventDate "2005.11.05"]
[EventType "team-tourn"]
[EventRounds "9"]
[EventCountry "DEN"]
[SourceTitle "EXT 2023"]
[Source "ChessBase"]
[SourceDate "2022.10.05"]
[SourceVersion "1"]
[SourceVersionDate "2022.10.05"]
[SourceQuality "1"]
[WhiteTeam "Aalborg"]
[BlackTeam "Nordre"]
[WhiteTeamCountry "DEN"]
[BlackTeamCountry "DEN"]

1. d4 Nf6 2. c4 g6 3. f3 d5 4. cxd5 Nxd5 5. e4 Nb6 6. Nc3 Bg7 7. Be3 0-0 8. Qd2 Nc6 9. 0-0-0 e5 10. d5 Nd4 11. Bh6 Qf6 12. h4 Bxh6 13. Qxh6 Qg7 14. Qe3 c5 15. h5 Bd7 16. Kb1 g5 17. g3 h6 18. Bh3 f5 19. exf5 Bxf5+ 20. Bxf5 Rxf5 21. Re1 Re8 22. Rh2 Qf7 23. d6 Nc4 0-1

[Event "DEN-chT 0506"]
[Site "Denmark"]
[Date "2006.01.14"]
[Round "4.5"]
[White "Pedersen, Steffen"]
[Black "Hellegaard, Carsten"]
[Result "1-0"]
[WhiteElo "2463"]
[BlackElo "2250"]
[PlyCount "63"]
[EventDate "2005.11.05"]
[EventType "team-tourn"]
[EventRounds "9"]
[EventCountry "DEN"]
[SourceTitle "EXT 2023"]
[Source "ChessBase"]
[SourceDate "2022.10.05"]
[SourceVersion "1"]
[SourceVersionDate "2022.10.05"]
[SourceQuality "1"]
[WhiteTeam "Helsinge"]
[BlackTeam "Aalborg"]
[WhiteTeamCountry "DEN"]
[BlackTeamCountry "DEN"]

1. d4 Nf6 2. c4 e6 3. Nf3 b6 4. a3 Bb7 5. Nc3 d5 6. cxd5 Nxd5 7. Qc2 Nxc3 8. bxc3 Nd7 9. e4 c5 10. Bd3 Be7 11. 0-0 0-0 12. Qe2 Qc7 13. Rd1 Rfe8 14. e5 Nf8 15. Ng5 cxd4 16. cxd4 Rec8 17. Qg4 Qc3 18. Be3 Qb3 19. Ne4 Ng6 20. h4 Nxh4 21. Nd6 Bxg2 22. Bxh7+ Kf8 23. Bh6 Bxd6 24. Qxg7+ Ke8 25. exd6 Qh3 26. Qf8+ Kd7 27. Qxf7+ Kc6 28. d5+ Bxd5 29. Rac1+ Kb5 30. Rxd5+ exd5 31. Qxd5+ Ka4 32. Qd4+ 1-0

[Event "Aars get2net Cup IM"]
[Site "Aars"]
[Date "1999.10.23"]
[Round "8"]
[White "Nilssen, John Arni"]
[Black "Hellegaard, Carsten"]
[Result "1/2-1/2"]
[WhiteElo "2326"]
[BlackElo "2267"]
[PlyCount "116"]
[EventDate "1999.10.18"]
[EventType "tourn"]
[EventRounds "9"]
[EventCountry "DEN"]
[EventCategory "3"]
[SourceTitle "EXT 2000"]
[Source "ChessBase"]
[SourceDate "1999.11.16"]
[SourceVersion "1"]
[SourceVersionDate "1999.11.16"]
[SourceQuality "1"]

1. d4 Nf6 2. c4 e6 3. Nc3 Bb4 4. e3 0-0 5. Bd3 d5 6. Nge2 b6 7. a3 Be7 8. 0-0 c5 9. Ng3 cxd4 10. exd4 dxc4 11. Qf3 Nd5 12. Nxd5 exd5 13. Bxc4 Be6 14. Ba2 Nc6 15. Be3 Na5 16. Nh5 Nc4 17. Bh6 gxh6 18. Bxc4 dxc4 19. Qg3+ Bg5 20. Qe5 f6 21. Qxe6+ Kh8 22. Qxc4 Rc8 23. Qa4 f5 24. Qxa7 Qxd4 25. Rad1 Qxb2 26. Rd7 Rc1 27. Rxh7+ Kg8 28. Rg7+ Kh8 29. Rh7+ Kg8 30. Qg7+ Qxg7 31. Rxg7+ Kh8 32. f4 Bxf4 33. Rxc1 Bxc1 34. a4 Bb2 35. Rc7 Bd4+ 36. Kf1 Ra8 37. Rc4 Bc5 38. Ng3 Kh7 39. Nxf5 Rf8 40. g4 h5 41. h3 hxg4 42. hxg4 Kg6 43. Kg2 Kg5 44. Kf3 Re8 45. Ng3 Rf8+ 46. Nf5 Re8 47. Nd4 Re7 48. Kg2 Re4 49. Nf3+ Kf4 50. Rxe4+ Kxe4 51. g5 Kf5 52. Kf1 Be3 53. Ke2 Bxg5 54. Kd3 Bd8 55. Nd4+ Kf6 56. Kc4 Ke7 57. Nc6+ Kd7 58. Kb5 Kc7 1/2-1/2

[Event "Aars get2net Cup IM"]
[Site "Aars"]
[Date "1999.10.21"]
[Round "6"]
[White "Christensen, Bent"]
[Black "Hellegaard, Carsten"]
[Result "1/2-1/2"]
[WhiteElo "2113"]
[BlackElo "2267"]
[PlyCount "64"]
[EventDate "1999.10.18"]
[EventType "tourn"]
[EventRounds "9"]
[EventCountry "DEN"]
[EventCategory "3"]
[SourceTitle "EXT 2000"]
[Source "ChessBase"]
[SourceDate "1999.11.16"]
[SourceVersion "1"]
[SourceVersionDate "1999.11.16"]
[SourceQuality "1"]

1. d4 Nf6 2. c4 e6 3. Nf3 b6 4. g3 Ba6 5. b3 d5 6. Bg2 dxc4 7. Ne5 Bb4+ 8. Kf1 Bd6 9. Nxc4 Nd5 10. Bb2 Nc6 11. Nc3 Nce7 12. Bf3 0-0 13. Kg2 f5 14. Qd2 Bb7 15. Nxd5 Nxd5 16. Rhd1 f4 17. a4 Qf6 18. Ba3 Rad8 19. Rf1 h5 20. h4 Qg6 21. Nxd6 cxd6 22. Kh2 Ne3 23. Rg1 Ng4+ 24. Kg2 fxg3 25. fxg3 e5 26. d5 e4 27. Bxg4 Qxg4 28. Rgf1 Rf5 29. Rxf5 Qxf5 30. Rd1 Bc8 31. Qg5 Qxg5 32. hxg5 Kf7 1/2-1/2

[Event "Aars get2net Cup IM"]
[Site "Aars"]
[Date "1999.10.17"]
[Round "2"]
[White "Hellegaard, Carsten"]
[Black "Poley, Vladimir"]
[Result "1/2-1/2"]
[WhiteElo "2267"]
[BlackElo "2377"]
[PlyCount "139"]
[EventDate "1999.10.18"]
[EventType "tourn"]
[EventRounds "9"]
[EventCountry "DEN"]
[EventCategory "3"]
[SourceTitle "EXT 2000"]
[Source "ChessBase"]
[SourceDate "1999.11.16"]
[SourceVersion "1"]
[SourceVersionDate "1999.11.16"]
[SourceQuality "1"]

1. d4 b6 2. e4 Bb7 3. Bd3 g6 4. Nf3 Bg7 5. 0-0 d6 6. Re1 Nd7 7. Nbd2 e6 8. c3 Ne7 9. a4 a6 10. Qe2 0-0 11. Nf1 c5 12. Ng3 cxd4 13. Nxd4 Nc5 14. Bc2 e5 15. Nf3 Qc7 16. Bg5 Rae8 17. Qd2 f6 18. Bh6 Bxh6 19. Qxh6 Kh8 20. Qd2 d5 21. exd5 Nxd5 22. Ne4 Nf4 23. Qd6 Qxd6 24. Nxd6 Bxf3 25. gxf3 Rd8 26. Rad1 Nfd3 27. Bxd3 Rxd6 28. Bc2 Rfd8 29. Rxd6 Rxd6 30. Rd1 Rxd1+ 31. Bxd1 a5 32. Kf1 Nd3 33. b3 Nf4 34. Ke1 Kg7 35. Kd2 Kf7 36. b4 Ke6 37. Bb3+ Kd6 38. Bg8 h5 39. Bc4 g5 40. Bf7 f5 41. Bg8 e4 42. fxe4 fxe4 43. Ke3 Ke5 44. f3 exf3 45. Kxf3 Nd5 46. bxa5 bxa5 47. Bf7 Nf6 48. h3 g4+ 49. hxg4 hxg4+ 50. Kg3 Kf5 51. c4 Ne4+ 52. Kg2 Kf4 53. Bd5 Nc5 54. Bc6 Nd3 55. Bd7 g3 56. Bc6 Nb2 57. Bb5 Nd1 58. c5 Ne3+ 59. Kg1 Ke5 60. c6 Kd6 61. Kh1 Nd5 62. Kg2 Nc3 63. c7 Kxc7 64. Be8 Kd6 65. Kxg3 Kc5 66. Kf3 Kb4 67. Ke3 Nxa4 68. Bxa4 Kxa4 69. Kd2 Kb3 70. Kc1 1/2-1/2

[Event "DEN-chT 9899"]
[Site "Denmark"]
[Date "1999.03.20"]
[Round "6.5"]
[White "Ost Hansen, Jacob"]
[Black "Hellegaard, Carsten"]
[Result "1/2-1/2"]
[WhiteElo "2425"]
[BlackElo "2275"]
[PlyCount "73"]
[EventDate "1998.11.01"]
[EventType "team-tourn"]
[EventRounds "7"]
[EventCountry "DEN"]
[SourceTitle "EXT 2023"]
[Source "ChessBase"]
[SourceDate "2022.10.05"]
[SourceVersion "1"]
[SourceVersionDate "2022.10.05"]
[SourceQuality "1"]
[WhiteTeam "Espergaerde"]
[BlackTeam "Gistrup"]
[WhiteTeamCountry "DEN"]
[BlackTeamCountry "DEN"]

1. g3 c5 2. Bg2 Nc6 3. e4 d6 4. d3 g6 5. Nc3 Bg7 6. Nh3 e6 7. 0-0 Nge7 8. Be3 0-0 9. Qd2 Rb8 10. Bh6 b5 11. Bxg7 Kxg7 12. f4 Nd4 13. Nd1 b4 14. Ne3 f5 15. c3 bxc3 16. bxc3 Ndc6 17. Rfe1 Qc7 18. Rac1 Nd8 19. Nf2 Nf7 20. d4 Bb7 21. d5 exd5 22. exf5 gxf5 23. Nxd5 Nxd5 24. Bxd5 Rbe8 25. Qd3 Bxd5 26. Qxd5 Qc8 27. Rb1 Rxe1+ 28. Rxe1 Re8 29. Rxe8 Qxe8 30. Kg2 Qe1 31. Qd3 Qe6 32. c4 Nd8 33. Nd1 Nc6 34. Ne3 Nd4 35. Kf2 Qh6 36. Kg2 Qh5 37. Qd1 1/2-1/2

[Event "DEN-chT 9899"]
[Site "Denmark"]
[Date "1999.02.07"]
[Round "5.6"]
[White "Hellegaard, Carsten"]
[Black "Hoiberg, Nina"]
[Result "1/2-1/2"]
[WhiteElo "2275"]
[BlackElo "2293"]
[PlyCount "106"]
[EventDate "1998.11.01"]
[EventType "team-tourn"]
[EventRounds "7"]
[EventCountry "DEN"]
[SourceTitle "EXT 2023"]
[Source "ChessBase"]
[SourceDate "2022.10.05"]
[SourceVersion "1"]
[SourceVersionDate "2022.10.05"]
[SourceQuality "1"]
[WhiteTeam "Gistrup"]
[BlackTeam "Nordre"]
[WhiteTeamCountry "DEN"]
[BlackTeamCountry "DEN"]

1. d4 d6 2. e4 Nf6 3. f3 e5 4. Nc3 exd4 5. Qxd4 Nc6 6. Bb5 Bd7 7. Qe3 Be7 8. Nge2 h6 9. b3 0-0 10. Bb2 Nb4 11. Bd3 Nh7 12. 0-0 c6 13. a3 Nxd3 14. cxd3 Qb6 15. Qxb6 axb6 16. d4 f5 17. Ng3 fxe4 18. fxe4 Rxf1+ 19. Rxf1 Rf8 20. Rxf8+ Nxf8 21. Kf2 Bf6 22. Ke3 Ne6 23. Nce2 g6 24. Bc3 Nc7 25. a4 Be6 26. b4 Bb3 27. a5 Nb5 28. axb6 Nxc3 29. Nxc3 Bd8 30. Kd3 Bxb6 31. d5 c5 32. bxc5 dxc5 33. Nge2 Bc7 34. g3 Kf7 35. Nc1 c4+ 36. Kd2 Kf6 37. Nxb3 cxb3 38. Kc1 Bb6 39. Kb2 Bg1 40. h3 Bf2 41. g4 Ke5 42. Kxb3 Kd4 43. d6 Ke5 44. d7 Bh4 45. Kc4 Ke6 46. Nd5 Kxd7 47. Nf4 Bg3 48. Nxg6 Ke6 49. h4 Kf6 50. h5 Kg5 51. e5 Kxg4 52. e6 Bd6 53. e7 Bxe7 1/2-1/2

[Event "DEN-chT 9899"]
[Site "Denmark"]
[Date "1999.01.17"]
[Round "4.4"]
[White "Hellegaard, Carsten"]
[Black "Skytte, Rasmus"]
[Result "1-0"]
[WhiteElo "2275"]
[BlackElo "2215"]
[PlyCount "54"]
[EventDate "1998.11.01"]
[EventType "team-tourn"]
[EventRounds "7"]
[EventCountry "DEN"]
[SourceTitle "EXT 2023"]
[Source "ChessBase"]
[SourceDate "2022.10.05"]
[SourceVersion "1"]
[SourceVersionDate "2022.10.05"]
[SourceQuality "1"]
[WhiteTeam "Gistrup"]
[BlackTeam "Aarhus"]
[WhiteTeamCountry "DEN"]
[BlackTeamCountry "DEN"]

1. d4 Nf6 2. Nf3 c5 3. d5 d6 4. Nc3 Qa5 5. Nd2 b5 6. e4 b4 7. Ncb1 Ba6 8. Bxa6 Qxa6 9. b3 Nbd7 10. Bb2 g6 11. Nc4 Bg7 12. Nbd2 0-0 13. 0-0 Nb6 14. Re1 Qb5 15. a4 bxa3 16. Rxa3 Nxc4 17. Nxc4 Rfb8 18. Qa1 Qd7 19. h3 Rb7 20. Ra6 Qb5 21. Rxd6 Nxe4 22. Rxe4 Bxb2 23. Qxb2 exd6 24. Nxd6 Qd7 25. Nxb7 Qxd5 26. Re7 Rb8 27. Qf6 Rxb7 1-0

[Event "DEN-chT 9899"]
[Site "Denmark"]
[Date "1998.11.01"]
[Round "1.5"]
[White "Hellegaard, Carsten"]
[Black "Jacobsen, Bo"]
[Result "0-1"]
[WhiteElo "2275"]
[BlackElo "2270"]
[PlyCount "104"]
[EventDate "1998.11.01"]
[EventType "team-tourn"]
[EventRounds "7"]
[EventCountry "DEN"]
[SourceTitle "EXT 2023"]
[Source "ChessBase"]
[SourceDate "2022.10.05"]
[SourceVersion "1"]
[SourceVersionDate "2022.10.05"]
[SourceQuality "1"]
[WhiteTeam "Gistrup"]
[BlackTeam "Skolerne"]
[WhiteTeamCountry "DEN"]
[BlackTeamCountry "DEN"]

1. d4 Nf6 2. c4 c5 3. d5 e5 4. Nc3 d6 5. e4 Be7 6. g3 Nbd7 7. h4 Nf8 8. Bh3 h5 9. Qd3 Bg4 10. f3 Bxh3 11. Nxh3 a6 12. Bd2 Rb8 13. a4 Ng6 14. Kf1 Qd7 15. Kg2 Bd8 16. a5 0-0 17. Ng5 b6 18. axb6 Rxb6 19. Na4 Rb7 20. Qa3 Be7 21. Rab1 Rfb8 22. b3 Qc8 23. Rb2 Ne8 24. Rhb1 f5 25. b4 cxb4 26. Rxb4 Rxb4 27. Rxb4 Rxb4 28. Qxb4 Bxg5 29. Bxg5 fxe4 30. fxe4 Qg4 31. Qe1 Nf6 32. Nc3 a5 33. Qe3 Nh7 34. Qf3 Nxg5 35. Qxg4 hxg4 36. hxg5 Nf8 37. Kf2 Nd7 38. Ke2 Nc5 39. Ke3 a4 40. Kd2 Kf7 41. Kc2 Kg6 42. Kb2 Kxg5 43. Ka3 Kf6 44. Kb4 Ke7 45. Nxa4 Nxe4 46. Kb5 Nxg3 47. Nc3 Nf5 48. c5 g3 49. Kc6 g2 50. cxd6+ Kd8 51. Ne2 Nd4+ 52. Nxd4 exd4 0-1

[Event "Nordre Efteraar"]
[Site "Aarhus"]
[Date "1998.10.14"]
[Round "5"]
[White "Hellegaard, Carsten"]
[Black "Christensen, Jan"]
[Result "0-1"]
[WhiteElo "2275"]
[BlackElo "2225"]
[PlyCount "48"]
[EventDate "1998.10.??"]
[EventType "schev"]
[EventRounds "9"]
[EventCountry "DEN"]
[SourceTitle "EXT 2000"]
[Source "ChessBase"]
[SourceDate "1999.11.16"]
[SourceVersion "1"]
[SourceVersionDate "1999.11.16"]
[SourceQuality "1"]

1. d4 Nf6 2. Nf3 c5 3. e3 g6 4. Bd3 Bg7 5. 0-0 0-0 6. Nbd2 b6 7. Qe2 Bb7 8. c3 d6 9. Re1 Nc6 10. b3 e5 11. dxe5 dxe5 12. Bb2 Nh5 13. Rad1 f5 14. Bc4+ Kh8 15. Ne4 Qe7 16. Nd6 e4 17. Ng5 Qxg5 18. Nxb7 Ne5 19. Kh1 f4 20. Nd6 Qh4 21. exf4 Ng4 22. h3 Nxf2+ 23. Kg1 Nxf4 24. Qe3 Qg5 0-1

[Event "Karsten Kold op"]
[Site "Gistrup"]
[Date "1997.??.??"]
[Round "10"]
[White "Hansen, Sune Normann"]
[Black "Hellegaard, Carsten"]
[Result "0-1"]
[WhiteElo "2150"]
[BlackElo "2270"]
[PlyCount "82"]
[EventDate "1997.07.??"]
[EventType "swiss"]
[EventRounds "10"]
[EventCountry "DEN"]
[SourceTitle "EXT 1998"]
[Source "ChessBase"]
[SourceDate "1997.11.17"]
[SourceVersion "1"]
[SourceVersionDate "1997.11.17"]
[SourceQuality "1"]

1. d4 Nf6 2. c4 e6 3. Nf3 b6 4. g3 Ba6 5. Qc2 Be7 6. Bg2 0-0 7. 0-0 c6 8. b3 d5 9. cxd5 cxd5 10. Bb2 Nbd7 11. Nc3 Rc8 12. Qd2 Bb4 13. Ne1 Bxc3 14. Bxc3 Bxe2 15. Qxe2 Rxc3 16. Nd3 Qb8 17. Rac1 Rfc8 18. Rxc3 Rxc3 19. Rc1 Qc7 20. Qb2 Ne4 21. Bxe4 Rxc1+ 22. Nxc1 dxe4 23. Ne2 f5 24. Nf4 Kf7 25. Qe2 Nf6 26. Qb5 g5 27. Ne2 Nd5 28. a4 f4 29. gxf4 gxf4 30. h4 f3 31. Ng3 e3 32. Qd3 Kf8 33. Qe4 Qc1+ 34. Kh2 exf2 35. Qxf3+ Qf4 36. Qxf4+ Nxf4 37. Nf1 Ne2 38. Kg2 Nxd4 39. Nd2 Kf7 40. Kxf2 Kg6 41. Kg3 Kf5 0-1

[Event "Karsten Kold op"]
[Site "Gistrup"]
[Date "1997.??.??"]
[Round "8"]
[White "Hellegaard, Carsten"]
[Black "Pedersen, Borge"]
[Result "0-1"]
[WhiteElo "2270"]
[BlackElo "2145"]
[PlyCount "86"]
[EventDate "1997.07.??"]
[EventType "swiss"]
[EventRounds "10"]
[EventCountry "DEN"]
[SourceTitle "EXT 1998"]
[Source "ChessBase"]
[SourceDate "1997.11.17"]
[SourceVersion "1"]
[SourceVersionDate "1997.11.17"]
[SourceQuality "1"]

1. d4 e6 2. c4 b6 3. e4 Bb7 4. Bd3 Bb4+ 5. Nc3 Nf6 6. Qc2 c5 7. d5 Qe7 8. Nge2 d6 9. 0-0 Bxc3 10. Nxc3 e5 11. f4 Nbd7 12. f5 h6 13. Kh1 Nh7 14. Be3 Ndf6 15. a3 Ng4 16. Bg1 h5 17. b4 Nhf6 18. bxc5 dxc5 19. a4 a5 20. Be2 Nd7 21. Qd1 Ngf6 22. Nb5 Kf8 23. d6 Qd8 24. Nc7 Bxe4 25. Ne6+ fxe6 26. fxe6 Kg8 27. Be3 Nf8 28. e7 Qd7 29. exf8Q+ Rxf8 30. Bg5 h4 31. Bf3 Bxf3 32. Rxf3 h3 33. Ra2 Qe6 34. Bxf6 gxf6 35. d7 Kf7 36. Rd2 Ke7 37. Rfd3 Rd8 38. Rd6 hxg2+ 39. Kg1 Qh3 40. Rxg2 Rhg8 41. Rdd2 Qe3+ 42. Kh1 Rxg2 43. Rxg2 Qe4 0-1

[Event "Karsten Kold op"]
[Site "Gistrup"]
[Date "1997.??.??"]
[Round "7"]
[White "Hellsten, Johan"]
[Black "Hellegaard, Carsten"]
[Result "1-0"]
[WhiteElo "2495"]
[BlackElo "2270"]
[PlyCount "61"]
[EventDate "1997.07.??"]
[EventType "swiss"]
[EventRounds "10"]
[EventCountry "DEN"]
[SourceTitle "EXT 1998"]
[Source "ChessBase"]
[SourceDate "1997.11.17"]
[SourceVersion "1"]
[SourceVersionDate "1997.11.17"]
[SourceQuality "1"]

1. e4 c5 2. Nf3 d6 3. d4 cxd4 4. Nxd4 Nf6 5. Nc3 a6 6. a4 e6 7. Be2 Be7 8. 0-0 0-0 9. f4 Qc7 10. Qe1 Nc6 11. Be3 Re8 12. Qg3 Bd7 13. Kh1 Bf8 14. Nb3 Kh8 15. a5 Rac8 16. Bf3 Nb4 17. Qf2 Bc6 18. Nd4 e5 19. Nxc6 bxc6 20. fxe5 dxe5 21. Na4 c5 22. c3 Nd3 23. Qc2 Nf4 24. Nb6 Rcd8 25. g3 Ng6 26. Bg5 Be7 27. Be2 Qb7 28. Bxf6 Bxf6 29. Bc4 h5 30. Qe2 h4 31. Qh5+ 1-0

[Event "Karsten Kold op"]
[Site "Gistrup"]
[Date "1997.??.??"]
[Round "1"]
[White "Mikhalevski, Victor"]
[Black "Hellegaard, Carsten"]
[Result "0-1"]
[WhiteElo "2535"]
[BlackElo "2270"]
[PlyCount "92"]
[EventDate "1997.07.??"]
[EventType "swiss"]
[EventRounds "10"]
[EventCountry "DEN"]
[SourceTitle "EXT 1998"]
[Source "ChessBase"]
[SourceDate "1997.11.17"]
[SourceVersion "1"]
[SourceVersionDate "1997.11.17"]
[SourceQuality "1"]

1. d4 Nf6 2. c4 e6 3. Nf3 b6 4. Nc3 Bb4 5. Bg5 Bb7 6. e3 h6 7. Bh4 0-0 8. Qc2 d6 9. 0-0-0 Bxc3 10. Qxc3 Nbd7 11. Bd3 c5 12. d5 exd5 13. cxd5 Qe8 14. Bb5 a6 15. Bc6 Qb8 16. Rhg1 Qc7 17. Bxd7 Nxd7 18. Nd4 Rae8 19. Nf5 f6 20. f4 b5 21. g4 b4 22. Qc2 Nb6 23. e4 c4 24. g5 fxg5 25. fxg5 h5 26. Bg3 Rxf5 27. exf5 Nxd5 28. Rge1 Rc8 29. Qe4 h4 30. Qe6+ Qf7 31. Bxd6 b3 32. a3 c3 33. Qxf7+ Kxf7 34. bxc3 Rxc3+ 35. Kb2 Rf3 36. Re5 Nc3 37. Re7+ Kg8 38. Rde1 Na4+ 39. Kb1 Rf2 40. Be5 Be4+ 41. Kc1 Rc2+ 42. Kd1 Bf3+ 43. Re2 Rxe2 44. Rxg7+ Kf8 45. f6 Rxe5+ 46. Kd2 Re2+ 0-1

[Event "Karsten Kold op"]
[Site "Gistrup"]
[Date "1997.??.??"]
[Round "4"]
[White "Nielsen, Peter Heine"]
[Black "Hellegaard, Carsten"]
[Result "1/2-1/2"]
[WhiteElo "2515"]
[BlackElo "2270"]
[PlyCount "53"]
[EventDate "1997.07.??"]
[EventType "swiss"]
[EventRounds "10"]
[EventCountry "DEN"]
[SourceTitle "EXT 1998"]
[Source "ChessBase"]
[SourceDate "1997.11.17"]
[SourceVersion "1"]
[SourceVersionDate "1997.11.17"]
[SourceQuality "1"]

1. Nf3 Nf6 2. c4 e6 3. Nc3 d5 4. d4 Be7 5. Bg5 Nbd7 6. e3 c6 7. cxd5 exd5 8. Bd3 0-0 9. Qc2 Re8 10. h3 Nf8 11. 0-0-0 Be6 12. Kb1 Rc8 13. g4 c5 14. Bb5 N8d7 15. Bxf6 Bxf6 16. dxc5 Rxc5 17. Nd4 a6 18. Bxd7 Bxd7 19. Qb3 Bc8 20. Rd2 b5 21. Nce2 Qa5 22. Qd1 Qc7 23. Rc2 Rc4 24. b3 Rxc2 25. Qxc2 Qe5 26. Rc1 h5 27. gxh5 1/2-1/2